Sefer Sheʼelot u-teshuvot, (Record no. 33652)

MARC details
000 -LEADER
fixed length control field 00768cam a2200229 4500
001 - CONTROL NUMBER
control field he 68002620
003 - CONTROL NUMBER IDENTIFIER
control field DLC
005 - DATE AND TIME OF LATEST TRANSACTION
control field 20260227111502.0
008 - FIXED-LENGTH DATA ELEMENTS--GENERAL INFORMATION
fixed length control field 841201s1694 xx a 000 0 hebr
010 ## - LIBRARY OF CONGRESS CONTROL NUMBER
LC control number he 68002620
040 ## - CATALOGING SOURCE
Original cataloging agency DLC
Transcribing agency DLC
Modifying agency DLC
050 00 - LIBRARY OF CONGRESS CALL NUMBER
Classification number BM522.94
Item number .A32 1694
100 1# - MAIN ENTRY--PERSONAL NAME
Personal name Ẓahalon, Yom Tov ben Moses,
Dates associated with a name approximately 1559-approximately 1638.
240 10 - UNIFORM TITLE
Uniform title Sheʼelot u-teshuvot
245 10 - TITLE STATEMENT
Title Sefer Sheʼelot u-teshuvot,
Statement of responsibility, etc. meha-tayar Yom Ṭov Tsahalon.
260 ## - PUBLICATION, DISTRIBUTION, ETC.
Place of publication, distribution, etc. Ṿiniziʼah,
Name of publisher, distributor, etc. Stamperia Vendramin,
Date of publication, distribution, etc. 454 [1694]
300 ## - PHYSICAL DESCRIPTION
Extent 223, 25 l.
Other physical details illus.
Dimensions 30 cm.
500 ## - GENERAL NOTE
General note "Ḥidushe ezehu neshekh": 25 leaves at end.
650 #0 - SUBJECT ADDED ENTRY--TOPICAL TERM
Topical term or geographic name entry element Responsa
Chronological subdivision 1600-1800.
630 00 - SUBJECT ADDED ENTRY--UNIFORM TITLE
Uniform title Talmud.
Name of part/section of a work Bava meẓia
General subdivision Commentaries.
740 0# - ADDED ENTRY--UNCONTROLLED RELATED/ANALYTICAL TITLE
Uncontrolled related/analytical title Sheʼelot u-teshuvot.

No items available.

Powered by Koha